2020s Movies by Picture - Statistics

General Stats
  • This quiz has been taken 19 times
  • The average score is 25 of 48
Answer Stats
Picture Hint Answer % Correct
2023 Barbie
94%
2022 The Batman
94%
2021 Dune
88%
2023 Oppenheimer
88%
2025 Superman
88%
2024 Wicked
88%
2024 Inside Out 2
82%
2025 A Minecraft Movie
76%
2025 F1
76%
2021 Spider-Man: No Way Home
76%
2022 The Whale
76%
2022 Top Gun: Maverick
76%
2021 Encanto
71%
2022 Everything Everywhere All at Once
71%
2025 Frankenstein
71%
2024 The Fall Guy
71%
2025 KPop Demon Hunters
65%
2026 Project Hail Mary
65%
2020 Soul
65%
2022 Guillermo del Toro's Pinocchio
59%
2023 Saltburn
53%
2023 Spider-Man: Across the Spider-Verse
53%
2020 Tenet
53%
2024 Anora
47%
2023 Killers of the Flower Moon
47%
2025 Marty Supreme
47%
2022 Nope
47%
2022 Puss in Boots: The Last Wish
47%
2021 Shang-Chi and the Legend of the Ten Rings
47%
2025 One Battle After Another
41%
2022 The Menu
41%
2023 The Super Mario Bros. Movie
41%
2023 Dungeons & Dragons: Honor Among Thieves
35%
2024 Nosferatu
35%
2024 The Substance
35%
2022 Weird: The Al Yankovic Story
35%
2024 The Wild Robot
29%
2023 American Fiction
24%
2023 Godzilla Minus One
24%
2025 Sinners
24%
2022 The Fabelmans
24%
2025 The Long Walk
24%
2025 Weapons
24%
2024 Challengers
12%
2021 The Black Phone
12%
2024 Alien: Romulus
6%
2024 Friendship
6%
2024 The Life of Chuck
6%
No matching quizzes found
Score Distribution
Percent of People with Each Score
Percentile by Number Answered
Your Score History
You have not taken this quiz